| 000 -LEADER |
| fixed length control field |
00475nam a22001697a 4500 |
| 008 - FIXED-LENGTH DATA ELEMENTS--GENERAL INFORMATION |
| fixed length control field |
150603b xxu||||| |||| 00| 0 eng d |
| 020 ## - INTERNATIONAL STANDARD BOOK NUMBER |
| International Standard Book Number |
9780671648442 |
| 041 0# - LANGUAGE CODE |
| Language code of text/sound track or separate title |
eng |
| 080 ## - UNIVERSAL DECIMAL CLASSIFICATION NUMBER |
| Universal Decimal Classification number |
308 |
| 100 1# - Rafti |
| Rafti |
Friday, Nancy. |
| 245 10 - TITLE STATEMENT |
| Title |
Women on top : |
| Statement of responsibility, etc |
Nancy Friday. |
| 260 ## - |
| -- |
New York : |
| -- |
Simon & Schuster, |
| -- |
c1991. |
| 300 ## - |
| -- |
460 f. ; |
| -- |
24 cm. |
| 650 #0 - |
| -- |
Femrat |
| 650 #0 - |
| -- |
Fantazitë seksuale |
| 942 ## - ADDED ENTRY ELEMENTS (KOHA) |
| Source of classification or shelving scheme |
|
| Item type |
Books |